| 000 | 00464nam a2200169Ia 4500 | ||
|---|---|---|---|
| 005 | 20250415173558.0 | ||
| 008 | 231217s9999 xx 000 0 und d | ||
| 020 | _a9788131419489 | ||
| 082 | _a658.3153 JEG;1 R | ||
| 100 | _aJegadeesan, G ed. | ||
| 245 | 0 | _aIndustrial relations : global and indian perspectives | |
| 250 | _a1st ed. | ||
| 260 |
_c2008 _bIcfai University press _aHyderabad |
||
| 300 | _axi, 251 | ||
| 650 | _arelations,global | ||
| 942 | _cAA | ||
| 999 |
_c185247 _d185247 |
||